Sismo grado 10 /

Guardado en:
Autor Principal: Clarke, Arthur C.
Otros Autores: Mcquay, Mike
Formato: Libro
Publicado: Buenos Aires : Emecé
Series:Grandes novelistas
Materias:
Etiquetas: Agregar Etiqueta
Sin Etiquetas, Sea el primero en etiquetar este registro!
LEADER 00668nam a22002415a 4500
001 CEM.cems011123
005 20071121180328.0
008 130507b######################000#0#####d
003 CEMS
020 |a 9500418983 
082 0 4 |a 813.5 
100 1 |a Clarke, Arthur C. 
245 1 0 |a Sismo grado 10 /  |c Arthur C. Clarke y Mike Mcquay 
260 |a Buenos Aires :  |b Emecé 
300 |a 421 p. 
490 0 |a Grandes novelistas 
653 |a Literatura 
653 |a Literatura norteamericana 
653 |a Ciencia ficción 
653 |a Novelas 
653 |a Novelas norteamericanas 
700 1 |a Mcquay, Mike 
859 |a CEMS  |b BIB. CEMS - 11 de abril  |h 813.5  |i C55-6  |p 21943.02  |t Ej.1